000 00816nam a2200241 a 4500
999 _c305
_d305
001 305
003 BD-JhCC
005 20171012182830.0
008 171003s2012 bg |||| |||| 000 0 ben d
020 _a9789843338839
035 _a(BD-JhCC) 305
040 _aBD-JhCC
_dBD-JhCC
041 _aben
082 _bFUE 2012
_a891.4
100 _aফুয়েন্তেস, কার্লোস
245 _aআউরা /
_cকার্লোস ফুয়েন্তেস; আলীম আজিজ (অনু.)
260 _aঢাকা;
_bপ্রথমা প্রকাশন,
_c২০১২
300 _a৮০ পৃ. :
_c১৬ সে.মি.
650 _aNovel
_xLatin Literature
700 _aআজিজ, আলীম
942 _2ddc
_cBK